000 00401nam a2200145 i 4500
001 bg
100 1 _aBRASZCZYŃSKI, Janusz.
245 0 _aTeoria procesów odlewniczych.
_nCz. 1
_pCieplne podstawy procesów odlewniczych /
_cJanusz Braszczyński.
260 _aCzęstochowa,
_c1975.
040 _cBPK
041 _apol
080 _a621.74
942 _cKS
008 s pl f |000 0 pol
999 _c47131
_d47131
856 _uhttp://koha.tu.koszalin.pl/cgi-bin/koha/opac-detail.pl?biblionumber=47131
_yKatalog online BPK